| 000 | 00691cad a22002175a 4500 | ||
|---|---|---|---|
| 001 | L159147 | ||
| 008 | 130107s2011 xxk f 000 0 eng d | ||
| 035 | _a(Sirsi) u159147 | ||
| 041 | 0 | _aeng | |
| 110 | 2 |
_aRoyal Institution of Chartered Surveyors _94900 |
|
| 245 | 0 | 0 |
_aRICS Europe annual review 2011 _h[electronic resource] |
| 260 |
_bRICS _c2011 |
||
| 490 | 0 | _aRICS Europe annual review | |
| 520 | _aProvides review of RICS activities in continental Europe. | ||
| 590 | _aKA | ||
| 650 | 2 | 4 | _aRICS ANNUAL REVIEW AND FINANCIAL STATEMENTS |
| 651 | 4 | _aEurope | |
| 690 | _aBusiness and management | ||
| 856 | 4 | 0 | _uhttps://issuu.com/ricsglobal/docs/rics_annual_review2011 |
| 942 | _n0 | ||
| 999 |
_c115704 _d115704 |
||